Statistics for Doctor Who: Big Finish Monthly Adventures

Click here to take the quiz!

General Stats

  • This quiz has been taken 4 times
  • The average score is 9 of 275

Answer Stats

HintAnswer% Correct
2Phantasmagoria
100%
4The Land of the Dead
100%
1
The Sirens of Time
100%
3Whispers of Terror
100%
40Jubilee
33%
135Legend of the Cybermen
33%
49Master
33%
88Memory Lane
33%
47Omega
33%
274The Blazing Hour
33%
24The Eye of the Scorpion
33%
5The Fearmonger
33%
7The Genocide Machine
33%
65The Juggernauts
33%
6The Marian Conspiracy
33%
13The Shadow of the Scourge
33%
80Time Works
33%
10Winter for the Adept
33%
50Zagreus
33%
100100
0%
1681001 Nights
0%
219Absolute Power
0%
101Absolution
0%
140A Death in the Family
0%
181Afterlife
0%
224Alien Heart/Dalek Soul
0%
214A Life of Crime
0%
252An Alien Werewolf in London
0%
211And You Will Obey Me
0%
182Antidote to Oblivion
0%
209Aquitaine
0%
155Army of Death
0%
57Arrangements for War
0%
108Assassin in the Limelight
0%
130A Thousand Tiny Wings
0%
39Bang-Bang-a-Boom!
0%
163Black and White
0%
248Black Thursday/Power Game
0%
259Blood on Santa's Claw and Other Stories
0%
22Bloodtide
0%
126Blue Forgotten Planet
0%
188Breaking Bubbles and Other Stories
0%
114Brotherhood of the Daleks
0%
63Caerdroia
0%
127Castle of Fear
0%
68Catch-1782
0%
91Circular Time
0%
133City of Spires
0%
136Cobwebs
0%
25Colditz
0%
273Colony of Fear
0%
44Creatures of Beauty
0%
204Criss-Cross
0%
263Cry of the Vultriss
0%
177Daleks Among Us
0%
260Dark Universe
0%
48Davros
0%
247Devil in the Mist
0%
43Doctor Who and the Pirates
0%
67Dreamtime
0%
21Dust Breeding
0%
172Eldrad Must Die!
0%
31Embrace the Darkness
0%
254Emissary of the Daleks
0%
121Enemy of the Daleks
0%
196Equilibrium
0%
95Exotron/Urban Myths
0%
61Faith Stealer
0%
178Fanfare for the Common Men
0%
215Fiesta of the Damned
0%
46Flip-Flop
0%
115Forty-Five
0%
98Frozen Time
0%
235Ghost Walk
0%
164Gods and Monsters
0%
255Harry Houdini's War
0%
146Heroes of Sontar
0%
240Hour of the Cybermen
0%
152House of Blue Fire
0%
94I.D./Urgent Calls
0%
145Industrial Evolution
0%
257Interstitial/Feast of Fear
0%
28Invader from Mars
0%
239Iron Bright
0%
35...ish
0%
234Kingdom of Lies
0%
112Kingdom of Silver/Keepsake
0%
147Kiss of Death
0%
131Klein's Story/Survival of the Fittest
0%
199Last of the Cybermen
0%
74LIVE 34
0%
20Loups-Garoux
0%
141Lurkers at Sunlight's Edge
0%
216Maker of Demons
0%
190Mask of Tragedy
0%
187Masquerade
0%
193Masters of Earth
0%
60Medicinal Purposes
0%
253Memories of a Tyrant
0%
19Minuet in Hell
0%
195Mistfall
0%
185Moonflesh
0%
245Muse of Fire
0%
41Nekromanteia
0%
33Neverland
0%
79Night Thoughts
0%
92Nocturne
0%
89No Man's Land
0%
218Order of the Daleks
0%
77Other Lives
0%
125Paper Cuts
0%
124Patient Zero
0%
175Persuasion
0%
78Pier Pressure
0%
129Plague of the Daleks
0%
205Planet of the Rani
0%
271Plight of the Pimpernel
0%
26Primeval
0%
174Prisoners of Fate
0%
139Project: Destiny
0%
45Project: Lazarus
0%
23Project: Twilight
0%
162Protect and Survive
0%
220Quicksilver
0%
148Rat Trap
0%
150Recorded Time and Other Stories
0%
85Red
0%
8Red Dawn
0%
241Red Planets
0%
93Renaissance of the Daleks
0%
189Revenge of the Swarm
0%
149Robophobia
0%
75Scaredy Cat
0%
184Scavenger
0%
52Scherzo
0%
264Scorched Earth
0%
30Seasons of Fear
0%
236Serpent in the Silver Mask
0%
269Shadow of the Daleks 1
0%
270Shadow of the Daleks 2
0%
226Shadow Planet/World Apart
0%
206Shield of the Jötunn
0%
191Signs and Wonders
0%
76Singularity
0%
83Something Inside
0%
99Son of the Dragon
0%
170Spaceport Fear
0%
34Spare Parts
0%
176Starlight Robbery
0%
233Static
0%
16Storm Warning
0%
262Subterfuge
0%
17Sword of Orion
0%
256Tartarus
0%
72Terror Firma
0%
203Terror of the Sontarans
0%
166The Acheron Pulse
0%
122The Angel of Scutari
0%
11The Apocalypse Element
0%
132The Architects of History
0%
180The Assassination Games
0%
56The Axis of Insanity
0%
231The Behemoth
0%
228The Blood Furnace
0%
110The Boy That Time Forgot
0%
104The Bride of Peladon
0%
183The Brood of Erys
0%
165The Burning Prince
0%
161The Butcher of Brisbane
0%
119The Chaos Pool
0%
29The Chimes of Midnight
0%
38The Church and the Crown
0%
123The Company of Friends
0%
105The Condemned
0%
222The Contingency Club
0%
71The Council of Nicaea
0%
138The Cradle of the Snake
0%
53The Creed of the Kromon
0%
143The Crimes of Thomas Brewster
0%
156The Curse of Davros
0%
42The Dark Flame
0%
106The Dark Husband
0%
109The Death Collectors/Spider's Shadow
0%
198The Defectors
0%
142The Demons of Red Lodge and Other Stories
0%
118The Destroyer of Delights
0%
242The Dispossessed
0%
151The Doomsday Quatrain
0%
111The Doomwood Curse
0%
159The Emerald Tiger
0%
275The End of the Beginning
0%
197The Entropy Plague
0%
128The Eternal Summer
0%
144The Feast of Axos
0%
12The Fires of Vulcan
0%
268The Flying Dutchman/Displaced
0%
157The Fourth Wall
0%
66The Game
0%
87The Gathering
0%
103The Girl Who Never Was
0%
272The Grey Man of the Mountain
0%
58The Harvest
0%
107The Haunting of Thomas Brewster
0%
237The Helliax Rift
0%
227The High Price of Parking
0%
14The Holy Terror
0%
246The Hunting Ground
0%
117The Judgement of Isskar
0%
160The Jupiter Conjunction
0%
249The Kamelion Empire
0%
81The Kingmaker
0%
173The Lady of Mercia
0%
62The Last
0%
265The Lovecraft Invasion
0%
238The Lure of the Nomad
0%
120The Magic Mousetrap
0%
217The Memory Bank and Other Stories
0%
232The Middle
0%
102The Mind's Eye/Mission of the Viyrans
0%
250The Monsters of Gokroth
0%
251The Moons of Vulpana
0%
15The Mutant Phase
0%
54The Natural History of Fear
0%
64The Next Life
0%
84The Nowhere Place
0%
27The One Doctor
0%
210The Peterloo Massacre
0%
261The Psychic Circus
0%
243The Quantum Possibility Engine
0%
116The Raincloud Man
0%
194The Rani Elite
0%
36The Rapture
0%
86The Reaping
0%
59The Roof of the World
0%
37The Sandman
0%
200The Secret History
0%
171The Seeds of War
0%
82The Settling
0%
167The Shadow Heart
0%
229The Silurian Candidate
0%
153The Silver Turk
0%
179The Space Race
0%
9The Spectre of Lanyon Moor
0%
221The Star Men
0%
18The Stones of Venice
0%
32The Time of the Daleks
0%
55The Twilight Kingdom
0%
213The Two Masters
0%
202The Warehouse
0%
208The Waters of Amsterdam
0%
137The Whispering Forest
0%
192The Widow's Assassin
0%
97The Wishing Beast/The Vanity Box
0%
154The Witch from the Well
0%
51The Wormery
0%
134The Wreck of the Titan
0%
169The Wrong Doctors
0%
73Thicker Than Water
0%
267Thin Time/Madquake
0%
69Three's a Crowd
0%
266Time Apart
0%
230Time in Office
0%
113Time Reef/A Perfect World
0%
186Tomb Ship
0%
70Unregenerated
0%
96Valhalla
0%
212Vampire of the Mind
0%
225Vortex Ice/Cortex Fire
0%
244Warlock's Cross
0%
258Warzone/Conversion
0%
201We Are the Daleks
0%
158Wirrn Isle
0%
90Year of the Pig
0%
207You Are the Doctor and Other Stories
0%
223Zaltys
0%

Score Distribution

Percentile by Number Answered

Percent of People with Each Score

Your Score History

You have not taken this quiz